• 首页
  • 本馆介绍
  • 公告通知
  • 最新文献
  • 馆藏检索
  • 电子资源
  • 读者导购
  • 参考咨询
  • 我的图书馆
  • 登录
  • 详细信息显示
  • 放入我的书架
  • 预约/预借图书
  • 作者相关作品
  • 分类相关作品
  • 丛书相关作品
  • 出版社相关作品

书目信息

  • 表格格式
  • 工作单格式
  • 卡片格式
题名:
欧几里得几何学思想研究
    
 
作者: 莫德 著
分册:  
出版信息: 呼和浩特   内蒙古教育出版社  2002
页数: 318页
开本: 20cm
丛书名:
单 册:
中图分类: O1- 0
科图分类:
主题词: 数学
电子资源:
ISBN: 7-5311-4614-2
000 00517nam0 2200181 450
001 0732828906
005 20070903090708.90
010    @a7-5311-4614-2@d¥26.00
100    @a20070903d km y0chiy0120 ea
101 0  @achi
200 1  @a欧几里得几何学思想研究@Aou ji li de ji he xue si xiang yan jiu@f莫德著@Fmo de zhu
210    @a呼和浩特@c内蒙古教育出版社@d2002
215    @a318页@d20cm
606 0  @a数学
690    @aO1- 0@v3
701  0 @a莫德@Amo de@4著
801  0 @aCN@bPFT@c20070903
905    @a213230@dO1- 0@eS154@f1
    
    欧几里得几何学思想研究/莫德著.-呼和浩特:内蒙古教育出版社,2002
    318页;20cm
    
    
    ISBN 7-5311-4614-2:¥26.00
    
●
相关链接 在E读中查询图书 在五车中查询图书 在当当中查询图书 在豆瓣中查询图书


正题名:欧几里得几何学思想研究     索取号:O1- 0/S154         预约/预借

序号 登录号 条形码 馆藏地/架位号 状态 备注
1 6700247   267002478   密集书库-数信学院/ [索取号:O1- 0/S154] 在馆    
2 6700248   267002487   密集书库-数信学院/ [索取号:O1- 0/S154] 在馆    
唐山师范学院图书馆 欢迎您!
大连网信软件有限公司© 版权所有